Star Wars:The Last Jedi Character Quiz - Statistics

General Stats
  • This quiz has been taken 371 times
    288 since last reset
  • The average score is 16 of 23
Answer Stats
Number Hint Answer % Correct
3 Wants to know who her parents are Rey
98%
2 Wookie Chewbacca
97%
1 Jedi in hiding Luke Skywalker
97%
5 a.k.a Ben Solo Kylo Ren
95%
10 General of the Resistance General Leia Organa
93%
7 Blows things up Poe Dameron
90%
6 Supreme leader of the Galaxy Supreme Leader Snoke
88%
14 7’s droid BB8
86%
4 ‘Rebel Scum’ Finn
86%
13 Replays a message from A New Hope R2D2
86%
12 Annoying droid C3P0
85%
11 General of the First Order General Hux
84%
22 ‘Missed you I have’ Yoda
82%
9 Resistance engineer Rose Tico
74%
17 Mon Cala Admiral Admiral Gial Ackbar
67%
16 Temporary in charge of the Resistance Vice Admiral Amilyn Holdo
62%
8 ‘On my command’ Captain Phasma
53%
18 Sullastan pilot Nien Nunb
38%
15 Thief DJ
36%
21 9’s sister Paige Tico
33%
19 At a conference Maz Kanata
21%
20 Resistance lieutenant Lieutenant Kaydel Connix
15%
23 Resistance commander Commander D’Acy
4%
No matching quizzes found
Score Distribution
Percent of People with Each Score
Percentile by Number Answered
Your Score History
You have not taken this quiz since the last reset